000 nam a22 a 4500
999 _c142247
_d142247
003 BLK
005 20230116140305.0
008 180409b bul|||||r ||||||| ||bul||
010 _aKNG00148333000
040 _aBLK
041 _aBUL
_cBUL
080 _aБългарска литература
_b821.163.2
_x-93-34
_z821.163.2-93-34
100 1 _aРусафов, Георги Иванов
_eпърви автор
_9379461
139 _aРусафов, Георги Иванов
_bР 93
245 1 0 _aДевойчето и зимните хали
_bПриказка
_cГеорги Иванов Русафов; худож. Петър Панов Чуклев.
257 _aBGR
260 _bНар. младеж
_c1972
_aСофия
300 _a220 с., 8 л.
_bил.
_c25 см
380 _aDX
500 _a30 125 тир.
653 _aдетска литература
653 _aлитература за деца
700 1 _aЧуклев, Петър Панов
_eхудож.
_9378888
852 _aЦб 262328
856 4 _qpdf
_i0.00
_ldisable
856 4 _qpdf
_i0.00
_ldisable
942 _cKNG
_n0
_s1
944 _aCR
_c02.08.2013
_l02.08.2013 - от С1,Р / 02.08.2013
_kРадинела_Гицова
944 _aED
_c28.10.2015
_l02.08.2013 - от С1,Р / 02.08.2013
999 _d142247